00422nam a2200133 a 450000100100000000500170001000800410002704000250006808200150009310000260010824500680013426000510020230000350025300004586820201002052506.0150525s1982 dr ac 000 0 spa d aDO-SdBNPbspacBNPHU axxxxbxxxx1 aVargas, José Rafael14aLos políticos y el futuro Dominicano /cJosé Rafael Vargas. aMoca, República Dominicana :b[s.n.],c1982. a28 cm. :bil. retrs. ;c21 cm.